Quizzes
Events
Quiz Creation
Community
Videos
Private Events
Remove Ads
Sign In
Join for FREE
Feedback
Dark Mode
Quiz Categories
Sports
Geography
Music
Movies
Television
Just For Fun
Miscellaneous
History
Literature
Language
Science
Gaming
Entertainment
Religion
Holiday
For Kids
Quiz Lab
Recent
Popular Today
Quiz Kudos Today
Editor Picks
Curator Picks
Quizzes by...
Day
Popularity
Type
Ratings
Length
Year
Community
Subscriptions
Recent Discussions
Orange Saloon
Badges
Playlists
Quests
Create
Leaderboards
Showdown
Live 5
Trivia Bingo
Activity
Puzzle Library
Sporcle Events
Private Events
Virtual Trivia
Globe League
Become a Host
Pub Owners
SporcleCon
Opinionation
Our Games
Videos
Blog
Mobile Apps
Partnerships
Remove Ads and Go Orange
Feedback
Geography
Country
Landmarks
City
State
Population
World
Capital
Continent
Flags
Europe
Africa
Asia
South America
North America
Oceania
Border
Canada
United Kingdom
Topography
United States
Geography
Country
Landmarks
City
State
Population
World
Capital
Continent
Flags
Europe
Africa
Asia
South America
North America
Oceania
Border
Canada
United Kingdom
Topography
United States
Random Quiz
Search Sporcle
×
Quiz Lab
Quiz Lab
Geography
Country
Select answers by clicking on text or image buttons
Select answers by clicking on text or image buttons
Clickable
Best Score? Go Orange.
Countries and Fractional Currency Match Stats
Can you match the countries to their fractional currency
By
mrmapcase
20m
200 Questions
55 Plays
55 Plays
55 Plays
Comments
Comments
Give Quiz Kudos
Give Quiz Kudos
-
- Ratings
hide this ad
More Info
Forced Order
Answers have to be entered in order
Answers have to be entered in order
Replay
Link that replays current quiz
Next Quiz
Link to next quiz in quiz playlist
You Got
0%
They Got
Avg Score
81%
Avg Friend Score
Upgrade to see
Score Distribution
Jump to the score distribution portion of the page
Score
0/200
Timer
20:00
0
Plays Today
% Correct
Kopek
92.7%
Kopiyka
92.7%
Öre
90.9%
Qəpik
90.9%
Qindarkë
90.9%
Cent
89.1%
Cent
89.1%
Eyrir
89.1%
Fillér
89.1%
Grosz
89.1%
Haléř
89.1%
Hào
89.1%
Jeon
89.1%
Kuruş
89.1%
Öre
89.1%
Öre
89.1%
Ban
87.3%
Ban
87.3%
Cent
87.3%
Cent
87.3%
Cent
87.3%
Cent
87.3%
Cent
87.3%
Cent
87.3%
Cent
87.3%
Cent
87.3%
Cent
87.3%
Cent
87.3%
Cent
87.3%
Cent
87.3%
Cent
87.3%
Cent
87.3%
Cent
87.3%
Cent
87.3%
Cent
87.3%
Cent
87.3%
Cent
87.3%
Cent
87.3%
Cent
87.3%
Cent
87.3%
Cent
87.3%
Cent
87.3%
Centas
87.3%
Centavo
87.3%
Centavo
87.3%
Centavo
87.3%
Centavo
87.3%
Centavo
87.3%
Centime
87.3%
Deni
87.3%
Fen
87.3%
Fening
87.3%
Halala
87.3%
Iraimbilanja
87.3%
Kapyeyka
87.3%
Paisa
87.3%
Para
87.3%
Rappen
87.3%
Rappen
87.3%
Sen
87.3%
Tambala
87.3%
Tetri
87.3%
Thebe
87.3%
Toea
87.3%
Tyiyn
87.3%
Agora
85.5%
Butut
85.5%
% Correct
Cent
85.5%
Cent
85.5%
Cent
85.5%
Cent
85.5%
Cent
85.5%
Cent
85.5%
Cent
85.5%
Cent
85.5%
Cent
85.5%
Cent
85.5%
Cent
85.5%
Cent
85.5%
Cent
85.5%
Cent
85.5%
Centavo
85.5%
Centavo
85.5%
Centavo
85.5%
Centavo
85.5%
Centavo
85.5%
Centésimo
85.5%
Centime
85.5%
Chon
85.5%
Millime
85.5%
Möngö
85.5%
Paisa
85.5%
Paisa
85.5%
Pya
85.5%
Santīms
85.5%
Santang
85.5%
Stotinka
85.5%
Cent
83.6%
Cent
83.6%
Cent
83.6%
Cent
83.6%
Cent
83.6%
Cent
83.6%
Cent
83.6%
Cent
83.6%
Centavo
83.6%
Centésimo
83.6%
Centime
83.6%
Centime
83.6%
Céntimo
83.6%
Céntimo
83.6%
Paisa
83.6%
Piastre
83.6%
Santeem
83.6%
Cent
81.8%
Cent
81.8%
Cent
81.8%
Cent
81.8%
Cent
81.8%
Cent
81.8%
Centavo
81.8%
Centime
81.8%
Centime
81.8%
Centime
81.8%
Centime
81.8%
Centime
81.8%
Centime
81.8%
Centime
81.8%
Centime
81.8%
Centime
81.8%
Céntimo
81.8%
Céntimo
81.8%
Dinar
81.8%
Fils
81.8%
% Correct
Kobo
81.8%
Ngwee
81.8%
Pesewa
81.8%
Piastre
81.8%
Piastre
81.8%
Sen
81.8%
Sen
81.8%
Tïın
81.8%
Cent
80%
Cent
80%
Cent
80%
Cent
80%
Cent
80%
Cent
80%
Centavo
80%
Centime
80%
Centime
80%
Centime
80%
Centime
80%
Centime
80%
Centime
80%
Centime
80%
Tennesi
80%
Centime
80%
Céntimo
80%
Dirham
80%
Fils
80%
Fils
80%
Fils
80%
Fils
80%
Khoums
80%
Piastre
80%
Piastre
80%
Pul
80%
Santim
80%
Sen
80%
Seniti
80%
Tiyin
80%
Att
78.2%
Baisa
78.2%
Cent
78.2%
Cent
78.2%
Céntimo
78.2%
Dirham
78.2%
Laari
78.2%
Lipa
78.2%
Piastre
78.2%
Sene
78.2%
Cent
76.4%
Centime
76.4%
Centavo
74.5%
Diram
74.5%
Chetrum
58.2%
Cent
54.5%
Paisa
52.7%
Cent
47.3%
Sen
47.3%
Cent
45.5%
Sente
45.5%
Centavo
40%
Cent
38.2%
Cent
38.2%
Sen
34.5%
Penny
30.9%
Thebe
30.9%
Penny
21.8%
Quiz Playlist
Details
Report
Send in Message
Add To Playlist
More Info:
Some countries have more than one currency.
The Vanuatu vatu has no subdivisions.
Clickable:
Select answers by clicking on text or image buttons
Forced Order:
Answers have to be entered in order
Quiz Source
Last Updated: Feb 16, 2017
Quiz Scoreboard
CHALLENGE
Sign Up to Join the Scoreboard
Show All
Scores
Hide
Comments
May contain spoilers
Recently Published
NBA Finals Game Top Scorers (2010s)
by flibbidy
Sports
5m
Guess the 'R' Things in 3 Words
by MSUKent
Miscellaneous
3m
Actor to Badly Drawn Movie III
by MoMosMoProblems
Movies
5m
More to Explore
Quiz From the Vault
Featured Blog Post
Where Does Lost Luggage Go?
hide this ad
You Might Also Like...
Tags
Country Quiz
Currency
Money
Today's Top Quizzes in Geography
Browse Geography
hide this ad
Today's Top Quizzes in Country
Browse Country
Top Contributed Quizzes in Geography
1
Countries of the World - No Outlines Minefield
2
Find the Landmarks A-Z
3
Lietuvos savivaldybės (Lithuanian Municipalities)
4
Blind Ultimate Minefield: World
5
Ultimate Geography Challenge 'A'
6
Find the US States - No Outlines
7
3, 2, 1 or 0: Land Borders
8
Complete the Map Snippet (Minefield) IX
9
Nickname Match: U.S. States
10
Complete the Map Snippet (Minefield) X
Explore More
Trending Topics
Marvel
Disney
Kpop
Anime
NBA
Harry Potter
Crossword
Country
Song
Puzzle
The Office
Soccer
NFL
WWE
Pokémon
hide this ad
More By:
mrmapcase
Quiz
Plays
Rating
Category
Featured
Created
US States Clickable
4,355
4.38
Geography
Apr 2, 2012
Quick Pick: Marx Brothers
2,705
4.48
Just For Fun
Feb 18, 2016
Hendrick Motorsports Wins
2,314
5.00
Sports
May 13, 2012
States Without a Cracker Barrel
2,173
4.83
Geography
Jan 20, 2016
Joe Gibbs Racing Wins
1,517
4.00
Sports
Sep 23, 2012
Go to Creator's Profile
Score Distribution
Quiz Creator Spotlight
mrmapcase
Follow
Send a Message
Quizzes Created
-
Created Quiz Play Count
-
More By This Creator
Popular Quizzes Today
1
Find the US States - No Outlines Minefield
2
Find the US States
3
The Countries of the World
4
10 Largest US States in Order
5
Find the Countries of Europe - No Outlines Minefield
6
US States
7
Guess the 'R' Things in 3 Words
8
NBA Finals Game Top Scorers (2010s)
More Geography Quizzes
Atlas Challenge: Go West
Published
Trending Quizzes
First Name TV: Leading Men
Match the Book to the Film II
First Name TV: Leading Women Drama
Match the Book to the Film VI
3-Word Movies in 1 Word II
Recently Updated
Women's Final Four Teams by Year
bhenderson79
Presidents Quartet II
eogle
Anything But Clue(do)
eogle
Anything But Oceanian Capitals
eogle
Anything But 7
eogle
Anything But Thing
eogle
Word Ladder: February 29
pecheneg
Song Title Questions
pecheneg
Women's NCAA Tournament #1 Seeds
pecheneg
Celebrity Mug Shots
pecheneg
Trending Topics
Harry Potter
Anime
Marvel
Kpop
NBA
Disney
Crossword
WWE
Country
NFL
Soccer
The Office
Song
Pokémon
Puzzle
Your Account Isn't Verified!
In order to create a playlist on Sporcle, you need to verify the email address you used during registration. Go to your
Sporcle Settings
to finish the process.
Report this User
Report this user for behavior that violates our
Community Guidelines
.
Details:
Send Report
Go to the Sporcle.com Mobile Site →
Comments